000 01088cam a22002411 4500
001 gs 31000203
003 DLC
005 20260227111336.0
008 780301s1930 xx 000 0 eng c
010 _ags 31000203
035 _a(OCoLC)3681255
040 _aLibrary, U.S. Geological Survey
_cOT
_dDLC
042 _apremarc
050 0 0 _aTN872.K4
_bJ385
100 1 _aJillson, Willard Rouse,
_d1890-
245 1 0 _aOil and gas in western Kentucky;
_ba summary statement of drilling exploration and production coupled with the presentation of 494 new well records within 23 counties in the western part of the commonwealth.
_cBy Willard Rouse Jillson. Illustrated with forty-five photographs, maps, and diagrams.
260 _aFrankfort, Ky.,
_bThe Kentucky Geological survey,
_c1930.
300 _a6 p. l., 632 p. incl. illus., tables, diagrs.
_bfront. (map) fold. tab.
_c24 cm.
490 0 _aThe Kentucky Geological survey [1920- ] Ser. VI [Geologic reports]
_vv. 39
504 _aBibliography: p. [619]-627.
650 0 _aPetroleum
_zKentucky.
650 0 _aNatural gas
_zKentucky.
999 _c26896
_d26896